Energy-efficient operation of commercial buildings : (Record no. 532456)

000 -LEADER
fixed length control field 01107cam a2200313 a 4500
001 - CONTROL NUMBER
control field 714496
003 - CONTROL NUMBER IDENTIFIER
control field NUST
005 - DATE AND TIME OF LATEST TRANSACTION
control field 20191121104840.0
008 - FIXED-LENGTH DATA ELEMENTS--GENERAL INFORMATION
fixed length control field 961224s1997 nyua 000 0 eng d
010 ## - LIBRARY OF CONGRESS CONTROL NUMBER
LC control number 97124878
020 ## - INTERNATIONAL STANDARD BOOK NUMBER
International Standard Book Number 0070284687
035 ## - SYSTEM CONTROL NUMBER
System control number (OCoLC)36131130
038 ## - RECORD CONTENT LICENSOR
Staff Name MSOHAIL
040 ## - CATALOGING SOURCE
Original cataloging agency DGSA
Transcribing agency DGSA
Modifying agency DLC
042 ## - AUTHENTICATION CODE
Authentication code lccopycat
050 04 - LIBRARY OF CONGRESS CALL NUMBER
Classification number TJ163.5.B84
Item number H52 1997
082 00 - DEWEY DECIMAL CLASSIFICATION NUMBER
Classification number 658.2
Edition number 21
100 1# - MAIN ENTRY--PERSONAL NAME
Personal name Herzog, Peter H.
9 (RLIN) 25981
245 10 - TITLE STATEMENT
Title Energy-efficient operation of commercial buildings :
Remainder of title redefining the energy manager's job /
Statement of responsibility, etc. Peter Herzog.
260 ## - PUBLICATION, DISTRIBUTION, ETC.
Place of publication, distribution, etc. New York :
Name of publisher, distributor, etc. McGraw-Hill,
Date of publication, distribution, etc. c1997.
300 ## - PHYSICAL DESCRIPTION
Extent vii, 197 p. :
Other physical details ill. ;
Dimensions 25 cm.
650 #0 - SUBJECT ADDED ENTRY--TOPICAL TERM
Topical term or geographic name entry element Commercial buildings
General subdivision Energy conservation.
9 (RLIN) 25982
650 #0 - SUBJECT ADDED ENTRY--TOPICAL TERM
Topical term or geographic name entry element Commercial buildings
General subdivision Energy consumption
-- Management.
9 (RLIN) 25983
650 #0 - SUBJECT ADDED ENTRY--TOPICAL TERM
Topical term or geographic name entry element Facility management.
9 (RLIN) 25984
650 #0 - SUBJECT ADDED ENTRY--TOPICAL TERM
Topical term or geographic name entry element Architecture and energy management.
9 (RLIN) 25985
906 ## - LOCAL DATA ELEMENT F, LDF (RLIN)
a 7
b cbc
c copycat
d 2
e ncip
f 19
g y-gencatlg
942 ## - ADDED ENTRY ELEMENTS (KOHA)
Source of classification or shelving scheme
Koha item type Book
Holdings
Withdrawn status Lost status Source of classification or shelving scheme Damaged status Not for loan Permanent Location Current Location Date acquired Total Checkouts Full call number Barcode Date last seen Price effective from Koha item type
          School of Civil and Environmental Engineering (SCEE) School of Civil and Environmental Engineering (SCEE) 11/21/2019   658.2 NIT-12361 11/21/2019 11/21/2019 Book
© 2023 Central Library, National University of Sciences and Technology. All Rights Reserved.